Name a dog breed, easy. [pic] - Statistics

General Stats
  • This quiz has been taken 21 times
  • The average score is 10 of 12
Answer Stats
Picture Answer % Correct
Bulldog
100%
German Shepherd
100%
Poodle
100%
Chihuahua
95%
Dachshund
95%
Siberian Husky
95%
Golden Retriever
89%
Greyhound
89%
Saint Bernard
79%
Great Dane
74%
Boston Terrier
53%
Papillon
47%
No matching quizzes found
Score Distribution
Percent of People with Each Score
Percentile by Number Answered
Your Score History
You have not taken this quiz